000 00577nam a2200217Ia 4500
005 20250326144512.0
008 250326s9999 xx 000 0 und d
020 _a978-0-415-41666-5
037 _aTextbook
040 _aFMSL
_beng
_cFMSL
041 _aeng
_2eng
084 _aX:8 P7
_qFMSL
100 _aCollins David
_9734991
245 0 _aNarrating the management guru
_cCollins David
260 _aLondon
_bLondon, Routledge
_c2007
300 _axi,168
365 _b5255.25
650 _aManagement
942 _cTB
_hX:8 P7
999 _c1303946
_d1303946